Agile product management with Scrum : (Record no. 20568)
[ view plain ]
| 000 -LEADER | |
|---|---|
| fixed length control field | 01160cam a22002775a 4500 |
| 001 - CONTROL NUMBER | |
| control field | 16063859 |
| 005 - DATE AND TIME OF LATEST TRANSACTION | |
| control field | 20151206155210.0 |
| 008 - FIXED-LENGTH DATA ELEMENTS--GENERAL INFORMATION | |
| fixed length control field | 100121t2010 njua frb 001 0 eng d |
| 020 ## - INTERNATIONAL STANDARD BOOK NUMBER | |
| International Standard Book Number | 9780321605788 (pbk. : alk. paper) |
| 020 ## - INTERNATIONAL STANDARD BOOK NUMBER | |
| International Standard Book Number | 0321605780 |
| 040 ## - CATALOGING SOURCE | |
| Original cataloging agency | DLC |
| Transcribing agency | DLC |
| Modifying agency | BTCTA |
| -- | UKM |
| -- | YDXCP |
| -- | C#P |
| -- | BWX |
| -- | DLC |
| -- | EG-ScBUE |
| Language of cataloging | eng |
| 082 04 - DEWEY DECIMAL CLASSIFICATION NUMBER | |
| Classification number | 005.1 |
| Edition number | 22 |
| Item number | PIC |
| 100 1# - MAIN ENTRY--PERSONAL NAME | |
| Personal name | Pichler, Roman. |
| 9 (RLIN) | 38845 |
| 245 10 - TITLE STATEMENT | |
| Title | Agile product management with Scrum : |
| Remainder of title | creating products that customers love / |
| Statement of responsibility, etc | Roman Pichler. |
| 260 ## - PUBLICATION, DISTRIBUTION, ETC. (IMPRINT) | |
| Place of publication, distribution, etc | Upper Saddle River : |
| Name of publisher, distributor, etc | Addison-Wesley, |
| Date of publication, distribution, etc | c.2010. |
| 300 ## - PHYSICAL DESCRIPTION | |
| Extent | xxv, 133 p. : |
| Other physical details | ill. ; |
| Dimensions | 23 cm. |
| 490 0# - SERIES STATEMENT | |
| Series statement | The Addison-Wesley signature series |
| 500 ## - GENERAL NOTE | |
| General note | Index : p. 125-133. |
| 504 ## - BIBLIOGRAPHY, ETC. NOTE | |
| Bibliography, etc | Bibliography : p. 119-124. |
| 505 0# - FORMATTED CONTENTS NOTE | |
| Formatted contents note | Understanding the product owner role -- Envisioning the product -- Working with the product backlog -- Planning the release -- Collaborating in the sprint meetings -- Transitioning into the product owner role. |
| 650 #0 - SUBJECT ADDED ENTRY--TOPICAL TERM | |
| Topical term or geographic name as entry element | Agile software development. |
| Source of heading or term | BUEsh |
| 650 #0 - SUBJECT ADDED ENTRY--TOPICAL TERM | |
| Topical term or geographic name as entry element | Scrum (Computer software development) |
| Source of heading or term | BUEsh |
| 651 ## - SUBJECT ADDED ENTRY--GEOGRAPHIC NAME | |
| Source of heading or term | BUEsh |
| 653 ## - INDEX TERM--UNCONTROLLED | |
| Resource For college | Informatics and Computer Science |
| Arrived date list | August2015 |
| -- | December2015 |
| 942 ## - ADDED ENTRY ELEMENTS (KOHA) | |
| Source of classification or shelving scheme | Dewey Decimal Classification |
| Withdrawn status | Lost status | Source of classification or shelving scheme | Damaged status | Not for loan | Koha collection | Home library | Current library | Shelving location | Date acquired | Source of acquisition | Cost, normal purchase price | Serial Enumeration / chronology | Total Checkouts | Full call number | Barcode | Date last seen | Cost, replacement price | Koha item type |
|---|---|---|---|---|---|---|---|---|---|---|---|---|---|---|---|---|---|---|
| Dewey Decimal Classification | Baccah | Central Library | Central Library | Lower Floor | 17/08/2015 | Purchase | 280.00 | 21759 | 005.1 PIC | 000039720 | 15/07/2025 | 350.00 | Book - Borrowing |